| 000 | 00527nam a2200205Ia 4500 | ||
|---|---|---|---|
| 003 | OSt | ||
| 005 | 20250812100305.0 | ||
| 008 | 210210b1985 xxu||||| |||| 00| 0 eng d | ||
| 020 | _a817022263X | ||
| 040 | _cAL | ||
| 041 | _aeng | ||
| 082 | _a954.799 DESI | ||
| 100 |
_aTeotonio R De Souza _9235058 |
||
| 245 | _aIndo Portuguese history old issues new questions | ||
| 260 |
_aNew Delhi _bConcept Publishing Company _c1985 |
||
| 300 | _axvi,240p | ||
| 690 |
_aIndian History _9235059 |
||
| 906 | _a050101 | ||
| 942 |
_2ddc _cBK |
||
| 999 |
_c98512 _d98512 |
||